00509nam a2200145Ia 4500003000900000008004100009020002600050040001600076100002500092245005800117260003200175300002000207490003300227856010300260IN-BaIIA211028s9999 xx s 000 0 eng d a9780819416711 (Print) cIIA Library aCampbell, David, ed. 0a1994 Topical Meeting on Optical Data Storageh[eBook] aWashington, USAbSPIEc1994 aOnline resource aProceedings of SPIE; V. 2338 uhttps://www.spiedigitallibrary.org/conference-proceedings-of-spie/2338yClick Here to Access eBook